Jigs and fixtures handbook (Record no. 34833)
[ view plain ]
| 000 -LEADER | |
|---|---|
| fixed length control field | 00250nam a2200121Ia 4500 |
| 082 ## - DEWEY DECIMAL CLASSIFICATION NUMBER | |
| Classification number | 621.992 |
| Item number | GOR |
| 100 ## - MAIN ENTRY--PERSONAL NAME | |
| Personal name | Goroshkin/A.K |
| 245 ## - TITLE STATEMENT | |
| Title | Jigs and fixtures handbook |
| 260 ## - PUBLICATION, DISTRIBUTION, ETC. | |
| Name of publisher, distributor, etc. | Mir publishers |
| 546 ## - LANGUAGE NOTE | |
| Language note | ENGLISH |
| 942 ## - ADDED ENTRY ELEMENTS (KOHA) | |
| Koha item type | BOOK |
| Withdrawn status | Lost status | Damaged status | Not for loan | Collection | Home library | Current library | Date acquired | Total Checkouts | Full call number | Barcode | Date last seen | Price effective from | Koha item type |
|---|---|---|---|---|---|---|---|---|---|---|---|---|---|
| CRC | Fr. Agnel's C.Rodrigues College of Engineering | Fr. Agnel's C.Rodrigues College of Engineering | 17/03/2023 | 621.992 GOR | 21694 | 17/03/2023 | BOOK |